Loading...
Emerging issues in human resources management
| Main Author: | |
|---|---|
| Format: | Printed Book |
| Language: | Undetermined English |
| Published: |
New Delhi
Oxford and IBH Publishing Company Pvt Ltd
1992
|
| Subjects: |
| LEADER | 00636nam a2200193Ia 4500 | ||
|---|---|---|---|
| 008 | 140306s9999 xx 000 0 und d | ||
| 020 | |a 8120406451 | ||
| 041 | |a eng | ||
| 082 | |a 658.3 |b PRA/EM | ||
| 100 | |a Pramod, Verma | ||
| 245 | |a Emerging issues in human resources management | ||
| 260 | |a New Delhi |b Oxford and IBH Publishing Company Pvt Ltd |c 1992 | ||
| 300 | |a 332 | ||
| 365 | |b Rs.250 | ||
| 650 | |a Human resource regeneration | ||
| 650 | |a Personnel management | ||
| 942 | |2 ddc |c BK | ||
| 999 | |c 179109 |d 179109 | ||
| 952 | |0 0 |1 0 |2 ddc |4 0 |6 658_300000000000000_PRA_EM |7 0 |9 184219 |a KAUCBV |b KAUCBV |g 250.00 |o 658.3 PRA/EM |r 2014-03-22 |w 2014-03-22 |y BK | ||